Las Reformas inconclusas: pensiones y salud en Costa Rica: avances - problemas - recomendaciones /

Zapisane w:
Opis bibliograficzny
organizacja autorów: Martínez Franzoni, Juliana, Mesa - Lago, Carmelo
Format: Texto
Wydane: San José: Fundación Friedrich Ebert
Hasła przedmiotowe:
Etykiety: Dodaj etykietę
Nie ma etykietki, Dołącz pierwszą etykiete!

MARC

LEADER 00000 a a2200000 04500
001 29604
003
040
090 |a 192500  
110 |a Martínez Franzoni, Juliana  
245 |a Las Reformas inconclusas: pensiones y salud en Costa Rica: avances - problemas - recomendaciones /  |c Juliana Martínez Franzoni 
260 |a San José:   |b Fundación Friedrich Ebert  
300 |a 105 p  
650 |a ADMINISTRACION DE LA SALUD  
650 |a REFORMA ADMINISTRATIVA  
650 |a SISTEMAS DE SALUD  
650 |a SISTEMAS DE JUBILACION  
650 |a PENSIONES DE JUBILACION  
650 |a FINANCIAMIENTO DE LA SALUD  
650 |a GASTOS DE SALUD  
650 |a PENSIONES DE JUBILACION  
710 |a Mesa - Lago, Carmelo  
999 |c 11130  |d 11130